| 000 | 00406pam a2200157a 44500 | ||
|---|---|---|---|
| 008 | 230515b2017 xxu||||| |||| 00| 0 eng d | ||
| 020 | _a178-93-31301-86-9 | ||
| 041 | _aENGLISH | ||
| 082 | _a615.537/LUCAS | ||
| 100 | _aSHANTHAKUMAR LUCAS | ||
| 245 | _aBHAVPRAKASH NIGHANTU | ||
| 250 | _a1 | ||
| 260 |
_aVARANASI _bCHAUKHAMBA VISWABARATI _c2017 |
||
| 300 | _a1-688 | ||
| 650 | _aBHAVPRAKASH NIGHANTU | ||
| 999 |
_c503131 _d503131 |
||